Democracia, fuerzas armadas e industria militar en América Latina /
Guardat en:
| Autor principal: | |
|---|---|
| Autor corporatiu: | |
| Altres autors: | |
| Format: | Llibre |
| Idioma: | Spanish |
| Publicat: |
Azcapotzalco, Distrito Federal, México
Universidad Autónoma Metropolitana
1986
|
| Matèries: | |
| Etiquetes: |
Afegir etiqueta
Sense etiquetes, Sigues el primer a etiquetar aquest registre!
|
MARC
| LEADER | 00000nam a2200000 4500 | ||
|---|---|---|---|
| 003 | cru CIDCACS/IIS | ||
| 005 | 20190121115223.0 | ||
| 008 | 190121b1986 MX ||||| |||| 00| 0 spa d | ||
| 999 | |c 42079 |d 42079 | ||
| 040 | |c cru CIDCACS/IIS | ||
| 090 | |a REV0001 7(17) 1986 | ||
| 100 | |9 8241 |a Azpiazu, Daniel. | ||
| 110 | 2 | |9 3388 |a Facultad Latinoamericana de Ciencias Sociales | |
| 245 | |a Democracia, fuerzas armadas e industria militar en América Latina / |c Daniel Azpiazu, Gustavo Cosse | ||
| 260 | |a Azcapotzalco, Distrito Federal, México |b Universidad Autónoma Metropolitana |c 1986 | ||
| 300 | |a Páginas 61-90. | ||
| 650 | 0 | |9 2081 |a SOCIOLOGIA | |
| 650 | 0 | |9 85 |a CIENCIA POLITICA | |
| 650 | 0 | |9 8212 |a ECONOMIA INDUSTRIAL | |
| 650 | 0 | |9 1428 |a IDEOLOGIAS | |
| 650 | 4 | |9 2655 |a POLITICA ECONOMICA | |
| 650 | 0 | |9 83 |a DEMOCRACIA | |
| 650 | 0 | |9 7047 |a INDUSTRIA | |
| 651 | 0 | |9 17 |a AMERICA LATINA | |
| 653 | |a INDUSTRIA MILITAR | ||
| 700 | |9 8244 |a Cosse, Gustavo | ||
| 773 | 0 | |0 18805 |9 2594 |d Azcapotzalco UAM |o 02235 |t AZCAPOTZALCO | |
| 942 | |2 ddc |c PP | ||
